| 000 | 01358nam a22002777a 4500 | ||
|---|---|---|---|
| 003 | OSt | ||
| 005 | 20250711123400.0 | ||
| 008 | 200204s2016 ck a|||br|||| 00| f spa d | ||
| 020 | _a9789589002759 | ||
| 040 |
_aCO-JMCR _cCO-JMCR |
||
| 041 | 0 | _aspa | |
| 082 |
_aN _bHERh |
||
| 100 | 1 |
_aHeredia, María Fernanda, _eautora _9156 |
|
| 245 | 1 | 0 |
_aHola, Andrés, soy María otra vez... / _cMaría Fernanda Heredia ; ilustraciones de Roger Ycaza |
| 260 |
_aBogotá : _bSantillana, _c2016 |
||
| 300 |
_a137 páginas : _bilustraciones a blanco y negro ; _c20 cm. |
||
| 490 | 0 | _aLoqueleo. Narrativa | |
| 505 | 0 | _aLa casa del terror -- El diario -- Una soledad amarilla -- Las aventuras de Tom vs. las de María -- La página en blanco -- La sorpresa -- Rostro arrebolado -- La vida normal | |
| 520 | _aMaría es una niña muy tímida. Su mundo es silencioso y casi no tiene amigos. Gracias al encierro obligado por una hepatitis, decide dar un giro a su vida... inventará un amigo invisible a quien le contará sus secretos. Apartir de ese momento descubrirá el universo que guarda en su interior. | ||
| 521 |
_a10+ _bTomado de tapa posterior |
||
| 650 | 1 | 4 |
_aNovela infantil _916 |
| 650 | 1 | 4 |
_aHepatitis _xnovela infantil _9157 |
| 650 | 1 | 4 |
_aAmigo imaginario (amistad) _xnovela infantil _9158 |
| 700 | 1 |
_aYcaza, Roger, _eilustrador _9159 |
|
| 942 |
_2ddc _cBK |
||
| 999 |
_c6430 _d6430 |
||